|
|
|
|
| LEADER |
00000nab a2200000uu 4500 |
| 001 |
vtls010877842 |
| 003 |
SK-MaSNL |
| 005 |
20260303163315.0 |
| 008 |
230303|2003 xo |||||||||||||||||eng| |
| 015 |
|
|
|a SNBRB
|
| 035 |
|
|
|a (urnnbn)urn:nbn:sk:snk:ar-005tya
|
| 035 |
|
|
|a (uuid)43b0ead9-4e61-40d1-a91b-997da4773819
|
| 035 |
|
|
|a urn:nbn:sk:snk-ab7m61
|
| 040 |
|
|
|a SNKBUCL
|b slo
|c SNKBUCL
|e AACR2
|
| 041 |
0 |
|
|a eng
|
| 044 |
|
|
|a xo
|c SK
|
| 100 |
1 |
|
|a Karcz, J.
|4 aut
|9 1187064
|
| 245 |
1 |
0 |
|a Gas Hold-Up and Power Consumption for Gas-Liquid System Agitated in a Stirred Tank Equipped with Vertical Coil
|c J. Karcz, M. Major-Godlewska
|
| 700 |
1 |
|
|a Major, M.-GODLEWSKA
|4 aut
|9 1187551
|
| 773 |
0 |
|
|t Chemical papers
|g Roč. 57, č. 6 (2003), s. 432-437
|
| 958 |
|
|
|a OND
|
| 958 |
|
|
|a EUIPO
|
| 958 |
|
|
|a article8
|
| 999 |
|
|
|c 2059635
|d 2061565
|